Największe miasta w województwie podlaskim bez powiatu - Statystyki

Ogólne statystyki
  • Ten quiz został rozwiązany 6 razy
  • Średni wynik to 6 z 10
Statystyki odpowiedzi
liczba ludności miasto % Poprawnych
14 436 Łapy
100%
8579 Czarna Białostocka
83%
5008 Dąbrowa Białostocka
83%
12 768 Wasilków
83%
4325 Supraśl
67%
3494 Brańsk
50%
6162 Choroszcz
50%
2753 Michałowo
33%
4372 Ciechanowiec
17%
3139 Szczuczyn
17%
Nie znaleziono quizów pasujących do podanych kryteriów
Rozkład punktacji
Procent ludzi z każdym wynikiem
Percentyl według liczby udzielonych odpowiedzi
Twoja historia wyników
Nie rozwiązałeś tego quizu